000 00353nam a2200145Ia 4500
008 090124s9999 xx 000 0 und d
082 _b201428
245 _a बालकवि
250 _a1
260 _bमराठे कृ.बा.
_c1962
300 _a198
630 _a बालकवि
730 _a बालकवि
942 _cBOOK
999 _c183009
_d183009